[Event "Olympiad-44"]
[Site "Chennai"]
[Date "2022.07.30"]
[Round "2.2"]
[White "Perez Ponsa, Federico"]
[Black "Cabezas Solano, David Alejandro"]
[Result "1-0"]
[WhiteElo "2554"]
[BlackElo "2196"]
[PlyCount "71"]
[EventDate "2022.07.29"]
[EventType "team-swiss"]
[EventRounds "11"]
[EventCountry "IND"]
[SourceTitle "CBM 210"]
[Source "ChessBase"]
[SourceDate "2022.10.31"]
[SourceVersion "1"]
[SourceVersionDate "2022.10.31"]
[SourceQuality "1"]
[WhiteTeam "Argentina"]
[BlackTeam "Costa Rica"]
[WhiteTeamCountry "ARG"]
[BlackTeamCountry "CRI"]

1. e4 c5 2. Nf3 Nc6 3. Bb5 g6 4. 0-0 Bg7 5. c3 Nf6 6. Re1 0-0 7. d4 Qb6 8. Bxc6 dxc6 9. h3 Rd8 10. Qc2 h6 11. Be3 cxd4 12. cxd4 Qa6 13. Nbd2 Be6 14. a4 Rac8 15. b4 b6 16. Ne5 c5 17. dxc5 bxc5 18. b5 Qb7 19. Nc6 Rxc6 20. bxc6 Qxc6 21. Rac1 Nd7 22. Nb3 c4 23. Nd4 Bxd4 24. Bxd4 Nc5 25. Bxc5 Qxc5 26. Qc3 Kh7 27. Red1 Rc8 28. a5 Qg5 29. Rb1 Qf4 30. Rb7 Qxe4 31. Rxe7 a6 32. Re1 Qd3 33. Qxd3 cxd3 34. R1xe6 d2 35. Rxf7+ Kg8 36. Rd7 1-0